000 00365nam a2200157Ia 4500
008 210210b1954 xxu||||| |||| 00| 0 eng d
041 _aeng
082 _a825/354
100 _aGITTINGS (R)
245 _aJohn keats
260 _aMelbourne
_bWilliam Heinemann Ltd.
_c1954
650 _akeats
650 _aJohn
690 _aEnglish Criticism
906 _a014670
999 _c133885
_d133885